000
00482nam a2200181Ia 4500
008
090123s9999 xx 000 0 und d
082
_b
2540
100
_a
पै शिरीष
245
_a
हृदयरंग
250
_a
1
260
_b
निळकंठ प्रकाशन
_c
1972
300
_a
148
600
_a
पै शिरीष
630
_a
हृदयरंग
700
_a
पै शिरीष
730
_a
हृदयरंग
942
_c
BOOK
999
_c
40624
_d
40624